Brick clay : issues for planning : executive summary (Record no. 102091)
[ view plain ]
| 000 -LEADER | |
|---|---|
| fixed length control field | 01063cam a2200325 4500 |
| 001 - CONTROL NUMBER | |
| control field | J11503 |
| 008 - FIXED-LENGTH DATA ELEMENTS--GENERAL INFORMATION | |
| fixed length control field | 020301n2001 000 0 eng u |
| 035 ## - SYSTEM CONTROL NUMBER | |
| System control number | (Sirsi) u118110 |
| 041 ## - LANGUAGE CODE | |
| Language code of text/sound track or separate title | eng. |
| 050 ## - LIBRARY OF CONGRESS CALL NUMBER | |
| Classification number | 711.1 |
| 100 ## - MAIN ENTRY--PERSONAL NAME | |
| Personal name | Bloodworth, A.J. |
| 110 ## - MAIN ENTRY--CORPORATE NAME | |
| Corporate name or jurisdiction name as entry element | British Geological Survey |
| 9 (RLIN) | 1581 |
| 245 ## - TITLE STATEMENT | |
| Title | Brick clay : issues for planning : executive summary |
| 260 ## - PUBLICATION, DISTRIBUTION, ETC. | |
| Place of publication, distribution, etc. | Nottingham |
| Name of publisher, distributor, etc. | British Geological Survey |
| Date of publication, distribution, etc. | 2001 |
| 300 ## - PHYSICAL DESCRIPTION | |
| Extent | 8p |
| Dimensions | 30cm. |
| 490 ## - SERIES STATEMENT | |
| Series statement | BGS Commissioned Report |
| Volume/sequential designation | CR/01/117N |
| 520 ## - SUMMARY, ETC. | |
| Summary, etc. | A research report that provides information on a range of planning issues connected with brick clay resources, manufacture, standards, environmental regulation, and supply and demand. For full report see: J116929. |
| 650 ## - SUBJECT ADDED ENTRY--TOPICAL TERM | |
| Topical term or geographic name entry element | BRICK CLAY |
| 650 ## - SUBJECT ADDED ENTRY--TOPICAL TERM | |
| Topical term or geographic name entry element | MINERALS |
| 650 ## - SUBJECT ADDED ENTRY--TOPICAL TERM | |
| Topical term or geographic name entry element | BRICKS |
| 650 ## - SUBJECT ADDED ENTRY--TOPICAL TERM | |
| Topical term or geographic name entry element | ROOF TILES |
| 650 ## - SUBJECT ADDED ENTRY--TOPICAL TERM | |
| Topical term or geographic name entry element | PIPES |
| 650 ## - SUBJECT ADDED ENTRY--TOPICAL TERM | |
| Topical term or geographic name entry element | BRICK INDUSTRY |
| 650 ## - SUBJECT ADDED ENTRY--TOPICAL TERM | |
| Topical term or geographic name entry element | BUILT ENVIRONMENT-BUILDING MATERIALS |
| 650 ## - SUBJECT ADDED ENTRY--TOPICAL TERM | |
| Topical term or geographic name entry element | PLANNING |
| 700 ## - ADDED ENTRY--PERSONAL NAME | |
| Personal name | Cowley, J.F. |
| 700 ## - ADDED ENTRY--PERSONAL NAME | |
| Personal name | Highley, D. E. |
| 700 ## - ADDED ENTRY--PERSONAL NAME | |
| Personal name | Bowker, G.K. |
| 942 ## - ADDED ENTRY ELEMENTS (KOHA) | |
| Suppress in OPAC | 0 |
| Withdrawn status | Lost status | Source of classification or shelving scheme | Damaged status | Not for loan | Home library | Current library | Shelving location | Date acquired | Total Checkouts | Full call number | Barcode | Date last seen | Copy number | Price effective from | Koha item type |
|---|---|---|---|---|---|---|---|---|---|---|---|---|---|---|---|
| Dewey Decimal Classification | London | London | Pamphlets | 23/05/2002 | P711.1 BLO | 30065842 | 06/08/2019 | 1 | 06/08/2019 | Book |